Eurovision: All 4th Places (1957-2019) - Statistics

General Stats
  • This quiz has been taken 165 times
  • The average score is 66 of 70
Answer Stats
Year Singer Country Song % Correct
1966 Tonia Belgium Un peu de poivre, un peu de sel
98%
1982 Stella Belgium Si tu aimes ma musique
98%
2015 Loïc Nottet Belgium Rhythm Inside
98%
2017 Blanche Belgium City Lights
98%
1961 Jean-Paul Mauric France Printemps, avril carillone
98%
1964 Rachel France Le chant de Mallory
98%
1970 Guy Bonnet France Marie-Blanche
98%
1975 Nicole Rieu France Et bonjour à toi l'artiste
98%
1993 Patrick Fiori France Mama Corsica
98%
1995 Nathalie France Il me donne rendez-vous
98%
2001 Natasha St-Pier France Je n'ai que mon âme
98%
1957 Margot Hielscher Germany Telefon, Telefon
98%
1960 Wyn Hoop Germany Bonne nuit ma chéire
98%
1979 Dschinghis Khan Germany Dschinghis Khan
98%
2018 Michael Schulte Germany You Let Me Walk Alone
98%
1970 Julio Iglesias Spain Gwendolyne
98%
1991 Sergio Dalma Spain Bailar pegados
98%
1958 Alice Babs Sweden Lilla stjärna
98%
1989 Tommy Nilsson Sweden En dag
98%
1962 Ronnie Carroll United Kingdom Ring-A-Ding Girl
98%
1963 Ronnie Carroll United Kingdom Say Wonderful Things
98%
1971 Clodagh Rodgers United Kingdom Jack in the Box
98%
1974 Olivia Newton-John United Kingdom Long Live Love
98%
1985 Vikki United Kingdom Love Is...
98%
1984 Hot Eyes Denmark Det' lige det
96%
2010 Chanée & N'evergreen Denmark In a Moment Like This
96%
1960 Nora Brockstedt Norway Voi Voi
96%
2003 Jostein Hasselgård Norway I'm Not Afraid to Move On
96%
2013 Margaret Berger Norway I Feed You My Love
96%
1959 Christa Williams Switzerland Irgendwoher
96%
1970 Henri Dès Switzerland Retour
96%
1976 Peter, Sue and Marc Switzerland Djambo, Djambo
96%
1980 Paola Switzerland Cinéma
96%
1981 Peter, Sue and Marc Switzerland Io senza te
96%
2019 Luca Hänni Switzerland She Got Me
96%
1990 Stjórnin Iceland Eitt lag enn
95%
1972 Sandra & Andres Netherlands Als het om de liefde gaat
95%
1998 Edsilia Rombley Netherlands Hemel en aarde
95%
2016 Poli Gevona Bulgaria If Love Was a Crime
94%
1966 Dickie Rock Ireland Come Back to Stay
94%
1968 Pat McGeegan Ireland Chance of a Lifetime
94%
1986 Luv Bug Ireland You Can Count on Me
94%
1992 Mia Martini Italy Rapsodia
94%
1997 Jalisse Italy Fiumi di parole
94%
1957 Danièle Dupré Luxembourg Amours mortes (tant de peine)
94%
1964 Hugues Aufray Luxembourg Dès que le printemps revient
94%
1967 Vicky Leandros Luxembourg L'amour est bleu
94%
1974 Ireen Sheer Luxembourg Bye Bye I Love You
94%
1988 Lara Fabian Luxembourg Croire
94%
2004 Athena Turkey For Real
94%
2007 Kenan Doğulu Turkey Shake It Up Shekerim
94%
2009 Hadise Turkey Düm Tek Tek
94%
1965 Udo Jürgens Austria Sag ihr, ich lass sie grüben
93%
1996 Maja Blagdan Croatia Sveta ljubav
93%
1999 Doris Dragović Croatia Marija Magdalena
93%
2011 Mika Newton Ukraine Angel
92%
2012 Sabina Babayeva Azerbaijan When the Music Dies
90%
1973 Ilanit Israel Ey Sham
90%
2005 Shiri Maimon Israel HaSheket SheNish'ar
90%
1974 Romuald Monaco Celui qui reste et celui qui s'en va
90%
1977 Michèle Torr Monaco Une petite française
90%
1978 Caline & Olivier Toussaint Monaco Les jardins de Monaco
90%
2008 Sirusho Armenia Qélé, Qélé
88%
2014 Aram Mp3 Armenia Not Alone
88%
1994 Friderika Bayer Hungary Kinek mondjam el vétkeimet
87%
2006 Mihai Trăistairu Romania Tornerò
86%
1962 Lola Novaković Yugoslavia Ne pali svetla u sumrak
86%
1983 Danijel Yugoslavia Džuli
86%
1987 Novi Fosili Yugoslavia Ja sam za ples
86%
2000 Ines Estonia Once in a Lifetime
80%
No matching quizzes found
Score Distribution
Percent of People with Each Score
Percentile by Number Answered
Your Score History
You have not taken this quiz